Statistics for Top 10 Thailand Cities by population

Click here to take the quiz!

General Stats

  • This quiz has been taken 64 times
  • The average score is 3 of 10

Answer Stats

PopulationAnswer% Correct
5,104,476Bangkok
100%
200,952Chiang Mai
72%
219,164Chon Buri
38%
208,781Nakhon Ratchasima
29%
191,696Hat Yai
28%
247,231Udon Thani
24%
388,920Samut Prakan
17%
182,926Pak Kret
12%
291,555Mueang Nonthaburi
5%
178,916Si Racha
5%

Score Distribution

Percentile by Number Answered

Percent of People with Each Score

Your Score History

You have not taken this quiz